|
|
|
|
| LEADER |
00000nam0a2200000 4500 |
| 001 |
193341 |
| 005 |
20231031181852.0 |
| 020 |
|
|
|a RU
|b 80-26242
|
| 035 |
|
|
|a (RuTPU)RU\TPU\book\210858
|
| 090 |
|
|
|a 193341
|
| 100 |
|
|
|a 20110322d1980 km y0rusy5003 ca
|
| 101 |
1 |
|
|a rus
|c eng
|
| 102 |
|
|
|a RU
|
| 105 |
|
|
|a a z 001zy
|
| 200 |
1 |
|
|a Космическая технология
|e пер. с англ.
|f под ред. Л. Стега
|
| 210 |
|
|
|a Москва
|c Мир
|d 1980
|
| 215 |
|
|
|a 419 с.
|c ил.
|
| 320 |
|
|
|a Библиография в конце статей
|
| 610 |
1 |
|
|a космическая технология
|
| 610 |
1 |
|
|a микрогравитация
|
| 610 |
1 |
|
|a конвекция
|
| 610 |
1 |
|
|a электрофорез
|
| 610 |
1 |
|
|a перенос
|
| 610 |
1 |
|
|a исследования
|
| 610 |
1 |
|
|a оборудование
|
| 610 |
1 |
|
|a печи
|
| 610 |
1 |
|
|a плавка
|
| 610 |
1 |
|
|a металлургические процессы
|
| 610 |
1 |
|
|a метод Чохральского
|
| 610 |
1 |
|
|a сплавы
|
| 675 |
|
|
|a 629.78
|v 3
|
| 702 |
|
1 |
|a Стег
|b Л.
|4 340
|
| 801 |
|
0 |
|a RU
|b RuMRKP
|c 19950704
|g psbo
|
| 801 |
|
1 |
|a RU
|b 63413507
|c 20110322
|
| 801 |
|
2 |
|a RU
|b 63413507
|c 20190411
|g RCR
|
| 942 |
|
|
|c BK
|